=LDR 00000nam 2200000 4500 =001 INLIS000000000033700 =005 20160521131757.0 =006 =007 =008 ind =035 ##$$0010-061300000033700 =041 ##$$a ind =082 ##$$a 813 =090 ##$$a 813, Kle s =100 ##$$a KLEPAS, lisa =245 ##$$a Skandal musim semi, Lisa Klipas ; alih bahasa, Ratih Susanti =260 ##$$a 2009 $b Jakarta =300 ##$$a 423 hlm, 18 cm =650 ##$$a Fiksi Indonesia - Terjemahan =700 ##$$a Susanti, lisa =850 ##$$a NBPNMAT =990 ##$$a 93701/BPAP-NTB/2014